LEADER 00831nam a2200205 i 4500 001 000000214721 003 CaOOAMICUS 005 20120801000000.0 008 120801s1904 it u000 u ita u 013 $a193592 040 $aSeMil$bita 245 10$aDal bel paese :$balbum mariano /$ccompilato da Carmelo Pujia. 260 $aMilano :$bS. Lega Eucaristica,$c1904. 300 $a250 p., [1] c. di tav. ;$c23 cm. 650 4$aMadonna - Letteratura - Poesia - Testi.$0(OLS)http://semarc/subject/15585 700 1 $aPujia, Carmelo.$0(OLS)http://semarc/name/70143 850 $aSeMil 852 $aSeMil$W1$xVenegono$y1$m3P II 74$j165142$B165142$CSeMilBibl$Z2$F176086 $81 996 $6245$aDal bel paese :$balbum mariano$9(OLS)http://semarc/title/309331 996 $6260$aMilano :$bS. Lega Eucaristica$9(OLS)http://semarc/publisher/33613 LEADER 01046nam a2200265 i 4500 001 000000033985 003 CaOOAMICUS 005 20240404152355.0 008 070608s1958 it u000 u ita u 013 $a140 040 $aSeMil$bita 100 1 $aCamus, Albert,$d<1913-1960>.$0(OLS)http://semarc/name/4358 240 13$aLa chute.$0(OLS)http://semarc/title/437135 245 13$aLa caduta ; L'esilio e il regno /$cAlbert Camus. 264 1$aMilano :$bGarzanti,$c1958. 300 $a219 p. ;$c18 cm. 490 1 $aGarzanti per tutti ;$v62 730 22$al'exil et le royaume.$0(OLS)http://semarc/title/437136 830 0$aGarzanti per tutti ;$v62.$0(OLS)http://semarc/title/23755 850 $aSeMil 852 $aSeMil$W1$xVenegono$y1$m1W II 430$j247382$B140$CSeMilBibl$Z2$F140 $81 961 $aOmaggio: Biblioteca Seminario Duomo 996 $6245$aLa caduta ; L'esilio e il regno$9(OLS)http://semarc/title/45702 996 $6264$aMilano :$bGarzanti$9(OLS)http://semarc/publisher/29852